000 01219cam a2200289 i 4500
003 SA-RiAUC
005 20251102121508.0
008 251101s1986 ua g 00000 ara c
040 _aSA-RiAUC
_bara
_cSA-RiAUC
_erda
041 1 _aara
_hper
082 0 4 _a227.1
090 _a227.1
_bش ا هـ
100 1 _aشاه ولي الله، أحمد بن عبد الرحيم الفاروقي،
_d1110-1176 هجري
_eمؤلف.
245 1 2 _aالفوز الكبير في أصول التفسير /
_cأحمد بن عبد الرحيم الفاروقي شاه ولي الله ؛ عربه من الفارسية سلمان الحسيني الندوي.
250 _aالطبعة الثانية.
264 1 _aالقاهرة :
_bدار الصحوة،
_c1986
300 _a201 صفحة ؛
_c18 سم
336 _aنص
_btxt
_2rdacontent
_3كتاب
337 _aبدون وسيط
_bn
_2rdamedia
338 _aمجلد
_bnc
_2rdacarrier
630 2 7 _aالقرآن
_xتفاسير
_2aucut
700 1 _aالندوي، سلمان محمد طاهر الحسيني،
_d1954-1990
_eمعرب.
730 2 2 _aالقرآن
942 _2ddc
_cBOOK
_n0
949 _aSA-JeALM
_d251101
_umohamedma123
_n1
999 _c12913
_d12913